[Event "CAN-ch op"]
[Site "Ottawa"]
[Date "1998.07.11"]
[Round "1.79"]
[White "Strojevs, Alexander"]
[Black "Inksetter, Mahlon"]
[Result "0-1"]
[WhiteElo "1811"]
[BlackElo "1480"]
[PlyCount "80"]
[EventDate "1998.07.11"]
[EventType "swiss"]
[EventRounds "10"]
[EventCountry "CAN"]
[SourceTitle "EXT 2022"]
[Source "ChessBase"]
[SourceDate "2021.10.06"]
[SourceVersion "1"]
[SourceVersionDate "2021.10.06"]
[SourceQuality "1"]

1. d4 Nf6 2. c4 c5 3. d5 b5 4. cxb5 a6 5. bxa6 Bxa6 6. Nc3 g6 7. e4 Bxf1 8. Kxf1 Bg7 9. d6 Nc6 10. Nf3 0-0 11. g3 e6 12. Kg2 Qb6 13. Re1 Ng4 14. h3 Nge5 15. Nxe5 Nxe5 16. Re2 Nc4 17. Qd3 Nxd6 18. Rd2 Bd4 19. Ne2 Be5 20. f4 c4 21. Qc2 Bg7 22. e5 Qc6+ 23. Kh2 Ne4 24. Rd4 d5 25. Nc3 f5 26. Nxe4 fxe4 27. Bd2 g5 28. a3 gxf4 29. gxf4 Qc5 30. Qc3 Bh6 31. Rf1 Rf5 32. Be3 Qf8 33. Qc1 Bg7 34. Rg1 Rh5 35. Rd2 Kh8 36. Rdg2 Qf5 37. Rg4 Rd8 38. Qf1 d4 39. Bxd4 Rxd4 40. Rxg7 Rd2+ 0-1